00461 2200169 4500001002100000008004100021035002000062245008400082100002100166250000600187260003800193300001200231084001400243082000800257650001400265990001200279INLIS000000000001099 ind  a0010-0524000334 aRahasia Membaca Isi Hati Untuk Menaklukkan Lawan Secara IslamicOktavia Pramono aPramono, Oktavia a1 aYogyakarta :bIn Azna Booksc2014 a192 hlm a200 OKT r a200 aNon Fiksi a0744077